[Event "GCT Rapid YourNextMove"]
[Site "Leuven BEL"]
[Date "2017.06.28"]
[Round "1.1"]
[White "Carlsen, Magnus"]
[Black "Aronian, Levon"]
[Result "1-0"]
[WhiteTitle "GM"]
[BlackTitle "GM"]
[WhiteElo "2832"]
[BlackElo "2793"]
[WhiteFideId "1503014"]
[BlackFideId "13300474"]
[EventDate "2017.06.28"]

1. d4 Nf6 2. c4 e6 3. Nc3 Bb4 4. e3 O-O 5. Bd3 d5 6. a3 Bxc3+ 7. bxc3 dxc4 8.
Bxc4 c5 9. Ne2 Qc7 10. Ba2 b6 11. O-O Ba6 12. Bb2 Nc6 13. Rc1 Rfd8 14. c4 cxd4
15. exd4 Ng4 16. Ng3 Qf4 17. h3 Nf6 18. Ne2 Qh4 19. d5 exd5 20. cxd5 Ne7 21. Re1
Nexd5 22. Nd4 Bb7 23. Nf3 Qh6 24. Ne5 Rf8 25. Nc6 Bxc6 26. Rxc6 Rad8 27. Qf3 Qd2
28. Re2 Qf4 29. Rxf6 gxf6 30. Bxd5 Qxf3 31. Bxf3 Rfe8 32. Rc2 Rc8 33. Rxc8 Rxc8
34. Bxf6 b5 35. Kf1 a5 36. Ke2 b4 37. axb4 axb4 38. Bd5 Rc5 39. Bb3 Rc6 40. Bd4
Kf8 41. Kd3 Ke7 42. Ke4 Rc1 43. Kd5 Kd7 44. h4 Re1 45. g3 f5 46. Be3 Ke7 47. Kc4
Kf6 48. Kxb4 Ke5 49. Bc2 1-0

[Event "GCT Rapid YourNextMove"]
[Site "Leuven BEL"]
[Date "2017.06.28"]
[Round "1.2"]
[White "So, Wesley"]
[Black "Kramnik, Vladimir"]
[Result "1-0"]
[WhiteTitle "GM"]
[BlackTitle "GM"]
[WhiteElo "2812"]
[BlackElo "2808"]
[WhiteFideId "5202213"]
[BlackFideId "4101588"]
[EventDate "2017.06.28"]

1. e4 e5 2. Nf3 Nc6 3. Bb5 Nf6 4. d3 Bc5 5. c3 d5 6. Nbd2 dxe4 7. dxe4 O-O 8.
O-O a5 9. Bxc6 bxc6 10. Nxe5 Re8 11. Nxc6 Qd7 12. Nd4 Bxd4 13. cxd4 Qxd4 14. Nb3
Qxd1 15. Rxd1 Nxe4 16. f3 a4 17. Nd4 Nc5 18. Nb5 Ne6 19. Nc3 Bb7 20. Kf2 c5 21.
Be3 f5 22. f4 Bc6 23. Rd6 Rac8 24. Rc1 Kf7 25. Ne2 Bb5 26. Nc3 Bc6 27. Ne2 Bb5
28. Ng1 g5 29. fxg5 a3 30. bxa3 Ra8 31. Rc3 Ra4 32. Rb6 f4 33. Rxb5 Nxg5 34.
Rb7+ Kg8 35. Rxc5 fxe3+ 36. Ke1 Rg4 37. g3 Ne4 38. Rc4 Rg6 39. Rbb4 Nd6 40. Rc6
Nf5 41. Rc5 Nd6 42. Nf3 Ne4 43. Re5 Nf6 44. Rxe8+ Nxe8 45. Re4 Nc7 46. Rxe3 Ra6
47. Nd4 Nd5 48. Rf3 Nf6 49. Kd2 Kf7 50. Nb5 Kg6 51. Rf4 h5 52. a4 Ng4 53. h3 Ne5
54. Kc3 Rc6+ 55. Kd4 Nf7 56. Kd5 Rc2 57. a3 Rd2+ 58. Rd4 Rb2 59. Rb4 Rd2+ 60.
Nd4 Ng5 61. a5 Nf3 62. a6 1-0

[Event "GCT Rapid YourNextMove"]
[Site "Leuven BEL"]
[Date "2017.06.28"]
[Round "1.3"]
[White "Giri, Anish"]
[Black "Anand, Viswanathan"]
[Result "1/2-1/2"]
[WhiteTitle "GM"]
[BlackTitle "GM"]
[WhiteElo "2771"]
[BlackElo "2786"]
[WhiteFideId "24116068"]
[BlackFideId "5000017"]
[EventDate "2017.06.28"]

1. Nf3 d5 2. g3 c5 3. Bg2 Nf6 4. O-O g6 5. c4 Bg7 6. Qa4+ Bd7 7. Qb3 dxc4 8.
Qxc4 Qb6 9. Ne5 Be6 10. Qa4+ Nbd7 11. d3 O-O 12. Nc4 Qc7 13. Bf4 Qc8 14. Nc3 Nb6
15. Nxb6 axb6 16. Qc2 Bh3 17. Qb3 Bxg2 18. Kxg2 Qc6+ 19. Kg1 Rfd8 20. Be5 Nh5
21. Bxg7 Nxg7 22. Qb5 Qe6 23. Qc4 Qc6 24. Qe4 Qxe4 25. Nxe4 Ne6 26. Rfc1 f5 27.
Nc3 Kf7 28. Rab1 b5 29. Nxb5 Rxa2 30. Rc3 Ra4 31. Kg2 Rb4 32. Na3 Kf6 33. Nc2
Rb5 34. Na3 Rb4 35. Nc2 Rb5 36. e3 Ra8 37. b4 Ra2 38. Rc4 Nd8 39. d4 cxd4 40.
Nxd4 Rd5 41. Rc5 Rd6 42. Ra5 Ra6 43. Rxa6+ bxa6 44. Rc1 Nf7 45. Rc6+ Nd6 46. b5
axb5 47. Nxb5 Ke6 48. Nxd6 exd6 1/2-1/2

[Event "GCT Rapid YourNextMove"]
[Site "Leuven BEL"]
[Date "2017.06.28"]
[Round "1.5"]
[White "Jobava, Baadur"]
[Black "Nepomniachtchi, Ian"]
[Result "0-1"]
[WhiteTitle "GM"]
[BlackTitle "GM"]
[WhiteElo "2707"]
[BlackElo "2732"]
[WhiteFideId "13601520"]
[BlackFideId "4168119"]
[EventDate "2017.06.28"]

1. d4 Nf6 2. c4 g6 3. g3 c6 4. d5 Bg7 5. Bg2 O-O 6. Nc3 Qa5 7. Nh3 cxd5 8. cxd5
d6 9. O-O Na6 10. Nf4 Bd7 11. Be3 Rfc8 12. Bd4 Nc7 13. a4 Na6 14. e3 Nb4 15. Qd2
Qd8 16. a5 Qf8 17. Rfc1 Na6 18. Rab1 Nc7 19. b4 a6 20. h4 Nb5 21. Nxb5 Bxb5 22.
Bh3 Nd7 23. Bxg7 Qxg7 24. Rxc8+ Rxc8 25. Rc1 Qf8 26. Kg2 h6 27. Qb2 Rxc1 28.
Qxc1 Nf6 29. Bc8 g5 30. hxg5 hxg5 31. Nh3 Qh6 32. Bf5 Nxd5 33. Be4 Bc6 34. b5
Nf4+ 35. Nxf4 Bxe4+ 36. f3 gxf4 37. fxe4 fxg3 38. Kxg3 Qg5+ 39. Kf2 Qh4+ 40. Ke2
Qg4+ 41. Kd2 axb5 42. Qb1 Qg5 43. e5 Qg2+ 44. Kc3 Qc6+ 45. Kb2 dxe5 46. Qf5 f6
47. e4 Kf8 48. Qg6 Qc4 49. Qh6+ Ke8 50. Qh8+ Kd7 51. Qa8 Qxe4 52. a6 Qd4+ 53.
Kb1 Qb4+ 54. Kc1 Qa3+ 0-1

[Event "GCT Rapid YourNextMove"]
[Site "Leuven BEL"]
[Date "2017.06.28"]
[Round "2.1"]
[White "Ivanchuk, Vassily"]
[Black "Carlsen, Magnus"]
[Result "1/2-1/2"]
[WhiteTitle "GM"]
[BlackTitle "GM"]
[WhiteElo "2738"]
[BlackElo "2832"]
[WhiteFideId "14100010"]
[BlackFideId "1503014"]
[EventDate "2017.06.28"]

1. e4 e5 2. Nf3 Nc6 3. Bb5 a6 4. Ba4 Nf6 5. O-O Be7 6. Re1 b5 7. Bb3 O-O 8. c3
d5 9. exd5 Nxd5 10. Nxe5 Nxe5 11. Rxe5 c6 12. d4 Bd6 13. Re1 Qh4 14. g3 Qh3 15.
Be3 Bg4 16. Qd3 f5 17. f4 Rae8 18. Nd2 g5 19. Qf1 Qh5 20. Qg2 gxf4 21. Bxd5+
cxd5 22. Qxd5+ Kg7 23. Bxf4 Bxf4 24. gxf4 Kh8 25. Nf1 Bf3 26. Ng3 Qg4 27. Rxe8
Bxd5 28. Rxf8+ Kg7 29. Rxf5 Qf3 30. Rg5+ Kf8 31. Rf5+ Kg8 32. Rg5+ Kf8 33. Rf5+ 1/2-1/2

[Event "GCT Rapid YourNextMove"]
[Site "Leuven BEL"]
[Date "2017.06.28"]
[Round "2.3"]
[White "Nepomniachtchi, Ian"]
[Black "Giri, Anish"]
[Result "1-0"]
[WhiteTitle "GM"]
[BlackTitle "GM"]
[WhiteElo "2732"]
[BlackElo "2771"]
[WhiteFideId "4168119"]
[BlackFideId "24116068"]
[EventDate "2017.06.28"]

1. e4 c5 2. Nf3 d6 3. d4 cxd4 4. Nxd4 Nf6 5. Nc3 a6 6. Bd3 g6 7. O-O Bg7 8. Kh1
O-O 9. f4 Nc6 10. Nxc6 bxc6 11. f5 a5 12. Qe1 Ba6 13. Qh4 a4 14. Bh6 Bxd3 15.
cxd3 Qb6 16. fxg6 hxg6 17. Rab1 a3 18. b4 Qd4 19. Ne2 Qxd3 20. Ng3 Bxh6 21. Qxh6
Nxe4 22. Nxe4 Qxe4 23. Rb3 Qc4 24. Rbf3 Rab8 25. Rf4 Qc3 26. Rh4 Qg7 27. Qe3 e5
28. Qxa3 d5 29. Qc1 d4 30. a3 Rbc8 31. Qc4 Rfe8 32. Re4 Qf8 33. h4 Kg7 34. h5 f5
35. hxg6 Qf6 36. Kg1 Re6 37. Rh4 Qxg6 38. b5 Rb8 39. a4 Rb7 40. Qc5 Qg5 41. Rh3
Rbe7 42. bxc6 Rc7 43. Qd5 Rcxc6 44. Kh2 f4 45. Rb1 Qe7 46. Rb8 Rcd6 47. Qb5 Rc6
48. Qb3 Qf7 49. Rbh8 Kf6 50. R3h7 1-0

[Event "GCT Rapid YourNextMove"]
[Site "Leuven BEL"]
[Date "2017.06.28"]
[Round "2.4"]
[White "Kramnik, Vladimir"]
[Black "Anand, Viswanathan"]
[Result "1-0"]
[WhiteTitle "GM"]
[BlackTitle "GM"]
[WhiteElo "2808"]
[BlackElo "2786"]
[WhiteFideId "4101588"]
[BlackFideId "5000017"]
[EventDate "2017.06.28"]

1. e4 e5 2. Nf3 Nc6 3. Bc4 Bc5 4. O-O Nf6 5. d3 O-O 6. h3 d6 7. c3 a5 8. Re1 h6
9. Nbd2 Be6 10. a4 Re8 11. Bb5 Bd7 12. Nc4 Nb8 13. Bxd7 Nbxd7 14. Bd2 Nb6 15. b3
c6 16. Rb1 Qc7 17. d4 Nxc4 18. bxc4 exd4 19. cxd4 Bb4 20. Qc2 c5 21. d5 Re7 22.
Re3 Rae8 23. Rbe1 Qd8 24. R1e2 Nh5 25. g3 Bxd2 26. Qxd2 Qd7 27. e5 Qxh3 28. exd6
Rxe3 29. Rxe3 Qd7 30. Rxe8+ Qxe8 31. Qxa5 Nf6 32. Qxc5 Qxa4 33. Qc8+ Kh7 34.
Qf5+ Kg8 35. Ne5 Qb4 36. d7 Qd6 37. Qf3 b6 38. Kg2 h5 39. Kg1 1-0

[Event "GCT Rapid YourNextMove"]
[Site "Leuven BEL"]
[Date "2017.06.28"]
[Round "3.1"]
[White "Anand, Viswanathan"]
[Black "Nepomniachtchi, Ian"]
[Result "1-0"]
[WhiteTitle "GM"]
[BlackTitle "GM"]
[WhiteElo "2786"]
[BlackElo "2732"]
[WhiteFideId "5000017"]
[BlackFideId "4168119"]
[EventDate "2017.06.28"]

1. e4 c5 2. Nf3 d6 3. d4 cxd4 4. Nxd4 Nf6 5. Nc3 a6 6. h3 e5 7. Nde2 h5 8. Bg5
Be6 9. Bxf6 Qxf6 10. Qd3 Nd7 11. Nd5 Qd8 12. O-O-O b5 13. Nec3 Rb8 14. Nb4 Qg5+
15. Kb1 Nc5 16. Qf3 Be7 17. Ncd5 Bd8 18. Be2 Rb7 19. Ne3 Qf4 20. Qxf4 exf4 21.
Nf5 O-O 22. Nxd6 Rb6 23. e5 Nd7 24. Nd5 Bxd5 25. Rxd5 Nxe5 26. Rhd1 Bc7 27. Bxh5
g6 28. Be2 Kg7 29. a3 Rfb8 30. c3 Kf8 31. Kc2 Rd8 32. Ne4 Rxd5 33. Rxd5 Ke7 34.
Nc5 Rc6 35. a4 bxa4 36. Nxa6 Bd6 37. Ra5 f5 38. Rxa4 g5 39. Nb4 Rc8 40. Nd3 Ng6
41. Ra7+ Kf6 42. Ra6 Ke7 43. Bf3 Nh4 44. Bd5 g4 45. hxg4 fxg4 46. Ra4 Rf8 47.
Re4+ Kd8 48. Re6 Kd7 49. Rh6 Nf5 50. Be6+ Ke7 51. Bxf5 Rxf5 52. c4 g3 53. f3 Ra5
54. Rh4 Ra1 55. c5 Bb8 56. Nxf4 Rg1 57. Nd5+ Kd7 58. Ne3 Kc6 59. b4 Be5 60. Kd3
Kb5 61. Re4 Bb2 62. Rg4 Be5 63. f4 Bc7 64. Rxg3 Bxf4 65. Rg4 Bh6 66. Nf5 Bc1 67.
Nd4+ 1-0

[Event "GCT Rapid YourNextMove"]
[Site "Leuven BEL"]
[Date "2017.06.28"]
[Round "3.2"]
[White "Carlsen, Magnus"]
[Black "So, Wesley"]
[Result "0-1"]
[WhiteTitle "GM"]
[BlackTitle "GM"]
[WhiteElo "2832"]
[BlackElo "2812"]
[WhiteFideId "1503014"]
[BlackFideId "5202213"]
[EventDate "2017.06.28"]

1. d4 Nf6 2. c4 e6 3. Nc3 Bb4 4. e3 O-O 5. Nf3 c5 6. Bd3 d5 7. cxd5 exd5 8. dxc5
Bg4 9. O-O Nbd7 10. Bd2 Bxf3 11. Qxf3 Nxc5 12. Bc2 Nce4 13. Bxe4 Nxe4 14. Rfd1
Qa5 15. Nxe4 dxe4 16. Bxb4 Qxb4 17. Qe2 Rfd8 18. h3 g6 19. Rac1 Rxd1+ 20. Rxd1
Rc8 21. b3 h5 22. g4 Qc5 23. Kg2 Qe5 24. Rd4 Kg7 25. Qd1 hxg4 26. Qxg4 Rc2 27.
Qxe4 Qg5+ 28. Kf1 Rxa2 29. Ra4 Rd2 30. Ke1 Rd5 31. Rd4 Rb5 32. b4 a5 33. h4 Qg1+
34. Ke2 Rf5 35. f4 Qg4+ 36. Kd3 Qd1+ 37. Kc3 Qc1+ 38. Kd3 a4 39. Ke2 a3 40. Rd2
Qg1 41. Qc4 Rf6 42. Qd4 a2 43. Rd1 Qg2+ 44. Kd3 Qc6 45. h5 Kh7 46. hxg6+ Rxg6
47. b5 Qxb5+ 48. Kc2 Rg2+ 49. Kc3 Qb2+ 50. Kc4 Rc2+ 51. Kd5 Qb3+ 0-1

[Event "GCT Rapid YourNextMove"]
[Site "Leuven BEL"]
[Date "2017.06.28"]
[Round "3.4"]
[White "Giri, Anish"]
[Black "Aronian, Levon"]
[Result "1-0"]
[WhiteTitle "GM"]
[BlackTitle "GM"]
[WhiteElo "2771"]
[BlackElo "2793"]
[WhiteFideId "24116068"]
[BlackFideId "13300474"]
[EventDate "2017.06.28"]

1. c4 Nf6 2. Nc3 e5 3. Nf3 Nc6 4. g3 Bb4 5. Nd5 e4 6. Nh4 O-O 7. Bg2 d6 8. b3 g5
9. Bb2 Nxd5 10. cxd5 Nb8 11. Qc2 gxh4 12. Bxe4 Re8 13. Bxh7+ Kf8 14. Qc4 Na6 15.
gxh4 Re5 16. Qf4 Qe7 17. Rg1 Rxe2+ 18. Kd1 Rxd2+ 19. Qxd2 Qxh4 20. Rg8+ Ke7 21.
Qe3+ Be6 22. dxe6 Qh5+ 23. Kc1 Rxg8 24. exf7+ Kxf7 25. Qf4+ Ke8 26. Bxg8 Nc5 27.
Bc4 d5 28. Bb5+ c6 29. Qxb4 Qg5+ 30. Qd2 1-0

[Event "GCT Rapid YourNextMove"]
[Site "Leuven BEL"]
[Date "2017.06.28"]
[Round "3.5"]
[White "Jobava, Baadur"]
[Black "Ivanchuk, Vassily"]
[Result "0-1"]
[WhiteTitle "GM"]
[BlackTitle "GM"]
[WhiteElo "2707"]
[BlackElo "2738"]
[WhiteFideId "13601520"]
[BlackFideId "14100010"]
[EventDate "2017.06.28"]

1. e4 e6 2. d4 d5 3. Nc3 Bb4 4. Ne2 dxe4 5. a3 Be7 6. Nxe4 Nf6 7. Nxf6+ Bxf6 8.
Be3 O-O 9. Qd2 b6 10. O-O-O Bb7 11. h4 Nd7 12. Nf4 Be7 13. h5 Nf6 14. f3 Qc8 15.
Qf2 Rd8 16. Rh3 c5 17. Rg3 Qb8 18. Bd3 cxd4 19. Bd2 Bd6 20. Rxg7+ Kxg7 21. Qh4
h6 22. Re1 Re8 23. Nxe6+ fxe6 24. Bxh6+ Kf7 25. Kb1 Rg8 26. Bg6+ Ke7 27. Bg5 Qf8
28. Qxd4 Rd8 29. f4 Bc5 30. Qa4 Rd4 31. Qb3 Bd5 32. Qc3 Kd7 33. b4 0-1

[Event "GCT Rapid YourNextMove"]
[Site "Leuven BEL"]
[Date "2017.06.29"]
[Round "4.1"]
[White "So, Wesley"]
[Black "Jobava, Baadur"]
[Result "1-0"]
[WhiteTitle "GM"]
[BlackTitle "GM"]
[WhiteElo "2812"]
[BlackElo "2707"]
[WhiteFideId "5202213"]
[BlackFideId "13601520"]
[EventDate "2017.06.28"]

1. d4 Nf6 2. c4 g6 3. Nc3 Bg7 4. e4 O-O 5. Be2 c6 6. Be3 d5 7. e5 Ne8 8. h4 dxc4
9. h5 c5 10. hxg6 hxg6 11. dxc5 Qxd1+ 12. Rxd1 Bxe5 13. Nf3 Bxc3+ 14. bxc3 Nc6
15. Bxc4 Bg4 16. Rh6 e6 17. Rd7 Bxf3 18. gxf3 Ne5 19. Bd4 Nxf3+ 20. Ke2 Nxd4+
21. cxd4 Ng7 22. Bd3 Rab8 23. Rh1 Rfd8 24. Rxd8+ Rxd8 25. Rb1 Rd7 26. Ke3 Kf8
27. a4 e5 28. dxe5 Ne6 29. c6 bxc6 30. Bc4 Ke7 31. Rb8 Nd4 32. f4 Nf5+ 33. Kf3
Nd4+ 34. Ke4 Nf5 35. Kf3 c5 36. Rc8 Nd4+ 37. Ke3 Nc2+ 38. Kf3 Ne1+ 39. Kg4 Ng2
40. Bb5 Rd8 41. Rc7+ Kf8 42. Kg5 Rd4 43. Kh6 Rd8 44. Bc4 Rd4 45. Bb5 Rd8 46. Bc4
Rd4 47. Bxf7 Nxf4 48. Rxa7 c4 49. Kg5 Nd5 50. Bxd5 Rxd5 51. Kf6 Kg8 52. Kxg6 Kf8
53. Kf6 Kg8 54. e6 Rc5 55. Ra8+ Kh7 56. e7 Rc6+ 57. Kf5 1-0

[Event "GCT Rapid YourNextMove"]
[Site "Leuven BEL"]
[Date "2017.06.29"]
[Round "4.3"]
[White "Kramnik, Vladimir"]
[Black "Nepomniachtchi, Ian"]
[Result "1/2-1/2"]
[WhiteTitle "GM"]
[BlackTitle "GM"]
[WhiteElo "2808"]
[BlackElo "2732"]
[WhiteFideId "4101588"]
[BlackFideId "4168119"]
[EventDate "2017.06.28"]

1. d4 Nf6 2. Nf3 g6 3. Bg5 Bg7 4. Nbd2 O-O 5. e3 d6 6. Bd3 Qe8 7. O-O e5 8. c3
h6 9. Bxf6 Bxf6 10. a4 a5 11. Qc2 Bg7 12. Nc4 Nc6 13. Rfe1 f5 14. e4 f4 15. dxe5
dxe5 16. h3 Qe7 17. Be2 Be6 18. Rad1 g5 19. Rd5 Rad8 20. Rb5 b6 21. Ncxe5 Nxe5
22. Nxe5 Bxe5 23. Rxe5 Qd6 24. Rb5 Qd2 25. Qxd2 Rxd2 26. b4 axb4 27. cxb4 Ra8
28. Re5 Kf7 29. Bg4 Bxg4 30. hxg4 Rxa4 31. Rc1 c6 32. g3 Raa2 1/2-1/2

[Event "GCT Rapid YourNextMove"]
[Site "Leuven BEL"]
[Date "2017.06.29"]
[Round "4.4"]
[White "Aronian, Levon"]
[Black "Anand, Viswanathan"]
[Result "1-0"]
[WhiteTitle "GM"]
[BlackTitle "GM"]
[WhiteElo "2793"]
[BlackElo "2786"]
[WhiteFideId "13300474"]
[BlackFideId "5000017"]
[EventDate "2017.06.28"]

1. c4 e5 2. Nc3 Bb4 3. Nd5 Bc5 4. b4 Bd4 5. Rb1 c6 6. e3 Bb6 7. Nxb6 axb6 8. Nf3
e4 9. Nd4 Nf6 10. d3 d5 11. cxd5 Qxd5 12. a3 O-O 13. dxe4 Qxe4 14. Bb2 Nbd7 15.
Nf3 Qe7 16. Qd4 Re8 17. Bd3 Nf8 18. Qc3 Bg4 19. Ne5 Bh5 20. O-O Rad8 21. Qb3
N8d7 22. Nc4 b5 23. Na5 Ne5 24. Bxe5 Qxe5 25. Nxb7 Ng4 26. g3 Nxh2 27. Nxd8 Nf3+
28. Kg2 Nd2 29. Bxh7+ Kf8 30. f4 Qf6 31. Qb2 Nxf1 32. Qxf6 Nxe3+ 33. Kg1 gxf6
34. Nxc6 Nc4 35. Nd4 Nxa3 36. Rb3 Nc4 37. Bd3 Bd1 38. Rc3 Ba4 39. Bxc4 bxc4 40.
Rxc4 Re4 41. Kf2 f5 42. Rc8+ Ke7 43. Nxf5+ Ke6 44. Ng7+ Kf6 45. Nh5+ Kg6 46. g4
Rxb4 47. Rg8+ Kh6 48. Kg3 f5 49. Nf6 1-0

[Event "GCT Rapid YourNextMove"]
[Site "Leuven BEL"]
[Date "2017.06.29"]
[Round "4.5"]
[White "Ivanchuk, Vassily"]
[Black "Giri, Anish"]
[Result "0-1"]
[WhiteTitle "GM"]
[BlackTitle "GM"]
[WhiteElo "2738"]
[BlackElo "2771"]
[WhiteFideId "14100010"]
[BlackFideId "24116068"]
[EventDate "2017.06.28"]

1. c4 Nf6 2. Nc3 e5 3. g3 Bb4 4. Nf3 Bxc3 5. dxc3 d6 6. Bg2 h6 7. O-O Nc6 8. Qc2
Be6 9. b3 Qd7 10. e4 Bh3 11. Ne1 O-O 12. f3 Nh7 13. Be3 b6 14. Rd1 Bxg2 15. Nxg2
f5 16. exf5 Rxf5 17. f4 exf4 18. Nxf4 Ne7 19. Qe4 Re8 20. Qb7 Nc6 21. Nd5 Rxd5 0-1

[Event "GCT Rapid YourNextMove"]
[Site "Leuven BEL"]
[Date "2017.06.29"]
[Round "5.1"]
[White "Giri, Anish"]
[Black "So, Wesley"]
[Result "1/2-1/2"]
[WhiteTitle "GM"]
[BlackTitle "GM"]
[WhiteElo "2771"]
[BlackElo "2812"]
[WhiteFideId "24116068"]
[BlackFideId "5202213"]
[EventDate "2017.06.28"]

1. c4 c5 2. Nf3 Nc6 3. Nc3 Nf6 4. e3 e6 5. d4 d5 6. cxd5 Nxd5 7. Bd3 Be7 8. O-O
O-O 9. a3 cxd4 10. exd4 b6 11. Nxd5 Qxd5 12. Qc2 Bb7 13. Bxh7+ Kh8 14. Be4 Nxd4
15. Bxd5 Nxc2 16. Bxb7 Nxa1 17. Bxa8 Rxa8 18. Bg5 f6 19. Rxa1 fxg5 20. Rc1 g4
21. Ne1 Bf6 22. Rc2 Rd8 23. Kf1 Kh7 24. Ke2 Kg6 25. Nd3 e5 26. Rc7 Kf5 27. Rxa7
e4 28. Nb4 Bg5 29. Rf7+ Kg6 30. Rb7 Rd2+ 31. Kf1 Rd1+ 32. Ke2 Rd2+ 33. Kf1 Rd1+ 1/2-1/2

[Event "GCT Rapid YourNextMove"]
[Site "Leuven BEL"]
[Date "2017.06.29"]
[Round "5.3"]
[White "Nepomniachtchi, Ian"]
[Black "Aronian, Levon"]
[Result "1-0"]
[WhiteTitle "GM"]
[BlackTitle "GM"]
[WhiteElo "2732"]
[BlackElo "2793"]
[WhiteFideId "4168119"]
[BlackFideId "13300474"]
[EventDate "2017.06.28"]

1. c4 Nf6 2. Nc3 e5 3. Nf3 Nc6 4. g3 Bb4 5. Bg2 O-O 6. O-O e4 7. Ne1 Bxc3 8.
bxc3 Re8 9. f3 d5 10. cxd5 Qxd5 11. fxe4 Nxe4 12. Qb3 Qh5 13. Nd3 Bd7 14. Nf4
Qc5+ 15. e3 Na5 16. Qb4 Qxb4 17. cxb4 Nc6 18. a3 Nd8 19. d3 Nd6 20. e4 Bc6 21.
a4 a6 22. Bb2 Ne6 23. Rfc1 Rad8 24. Ra3 Nc8 25. Nxe6 Rxe6 26. b5 axb5 27. axb5
Bxb5 28. Rxc7 Rc6 29. Rxc6 bxc6 30. Ra8 Re8 31. e5 Nd6 32. Ra7 Nc8 33. Rb7 Ne7
34. Ba3 Nf5 35. Be4 g6 36. Kf2 h5 37. h3 Rd8 38. g4 hxg4 39. hxg4 Bxd3 40. gxf5
Bxe4 41. e6 f6 42. Be7 c5 43. Rd7 Ra8 44. Bxf6 gxf5 45. Rg7+ Kh8 46. Ke3 Rf8 47.
Be5 c4 48. Kf4 Ra8 49. e7 c3 50. Bxc3 Rc8 51. e8=Q+ 1-0

[Event "GCT Rapid YourNextMove"]
[Site "Leuven BEL"]
[Date "2017.06.29"]
[Round "5.5"]
[White "Anand, Viswanathan"]
[Black "Ivanchuk, Vassily"]
[Result "1-0"]
[WhiteTitle "GM"]
[BlackTitle "GM"]
[WhiteElo "2786"]
[BlackElo "2738"]
[WhiteFideId "5000017"]
[BlackFideId "14100010"]
[EventDate "2017.06.28"]

1. e4 d6 2. d4 Nf6 3. Nc3 g6 4. f4 Bg7 5. Nf3 O-O 6. Bd3 Na6 7. O-O c5 8. d5 Rb8
9. Kh1 Bg4 10. h3 Bxf3 11. Rxf3 Nc7 12. a4 b6 13. Nb5 Rb7 14. Qe2 Nfe8 15. c3 a6
16. Na3 Nf6 17. Nc4 Qd7 18. f5 b5 19. Na5 Rb6 20. Bg5 bxa4 21. Nc4 Rbb8 22. Bc2
a3 23. Rxa3 Qd8 24. Qf2 Nd7 25. Qh4 Bf6 26. Ra1 e5 27. Bxf6 Nxf6 28. Raf1 Nh5
29. f6 Kh8 30. Bd1 Ne8 31. g3 Rg8 32. R3f2 Qd7 33. Bxh5 gxh5 34. Rf5 1-0

[Event "GCT Rapid YourNextMove"]
[Site "Leuven BEL"]
[Date "2017.06.29"]
[Round "6.1"]
[White "So, Wesley"]
[Black "Anand, Viswanathan"]
[Result "1-0"]
[WhiteTitle "GM"]
[BlackTitle "GM"]
[WhiteElo "2812"]
[BlackElo "2786"]
[WhiteFideId "5202213"]
[BlackFideId "5000017"]
[EventDate "2017.06.28"]

1. e4 e5 2. Nf3 Nc6 3. Bb5 Nf6 4. d3 Bc5 5. c3 d5 6. Nbd2 O-O 7. exd5 Qxd5 8.
Bc4 Qd8 9. b4 Bd6 10. O-O h6 11. Re1 Re8 12. a4 a6 13. Ne4 Nxe4 14. dxe4 Qf6 15.
Be3 Bg4 16. Be2 Red8 17. Nd2 Be6 18. Bg4 a5 19. b5 Nb8 20. Bxe6 Qxe6 21. Qb3
Qxb3 22. Nxb3 Nd7 23. Red1 Kf8 24. Rd3 Ke7 25. Kf1 Nb6 26. Nd2 Ke6 27. Bxb6 cxb6
28. Nc4 Bc5 29. Rad1 Rxd3 30. Rxd3 Rc8 31. f3 Bg1 32. Rd6+ Ke7 33. Nxb6 Bxb6 34.
Rxb6 Rc7 35. Ke2 Kd8 36. Rd6+ Ke7 37. Rb6 Kd8 38. Rd6+ Ke7 39. Rd5 Rxc3 40.
Rxe5+ Kf6 41. Rf5+ Ke6 42. b6 Rc2+ 43. Kf1 Rb2 44. Rxa5 Rxb6 45. Kf2 Rb2+ 46.
Kg3 Ra2 47. h4 b6 48. Ra6 Ke7 49. h5 Rb2 50. Ra7+ Ke6 51. f4 Ra2 52. Kf3 Ra3+
53. Kg4 Ra2 54. g3 Ra1 55. Ra6 f5+ 56. exf5+ Kf7 57. Ra7+ Kf6 58. Ra6 Kf7 59. f6
g6 60. Rxb6 1-0

[Event "GCT Rapid YourNextMove"]
[Site "Leuven BEL"]
[Date "2017.06.29"]
[Round "6.3"]
[White "Ivanchuk, Vassily"]
[Black "Nepomniachtchi, Ian"]
[Result "1-0"]
[WhiteTitle "GM"]
[BlackTitle "GM"]
[WhiteElo "2738"]
[BlackElo "2732"]
[WhiteFideId "14100010"]
[BlackFideId "4168119"]
[EventDate "2017.06.28"]

1. c4 e5 2. g3 Nc6 3. Bg2 h5 4. d3 h4 5. g4 h3 6. Be4 Nf6 7. Bg5 Be7 8. Bxf6
Bb4+ 9. Kf1 Qxf6 10. Nf3 Nd4 11. a3 Be7 12. Nc3 c6 13. Rg1 Nxf3 14. Bxf3 d6 15.
e3 Qh4 16. Rg3 g6 17. Ke2 Be6 18. Rc1 Rd8 19. Qa4 a6 20. Nd5 Kf8 21. Nxe7 Qxe7
22. g5 Rh4 23. Qb4 b5 24. Bxc6 bxc4 25. dxc4 Rc8 26. Bd5 Kg7 27. Bxe6 Qxe6 28.
b3 Rg4 29. Qb6 Rxg3 30. fxg3 Qg4+ 31. Kd2 Qf3 32. Re1 Qa8 33. e4 a5 34. a4 Rb8
35. Qe3 Qb7 36. Kc2 Qb4 37. Rf1 Qa3 38. Qc3 Rb7 39. g4 Rc7 40. Rf3 Qc5 41. Qe3
Qa3 42. Qc3 Qc5 43. Rxh3 Qf2+ 44. Qd2 Qg1 45. Rg3 Qh1 46. Re3 Qa1 47. Qc3 Qg1
48. h3 Rb7 49. Kb2 Qf2+ 50. Ka3 Kg8 51. Rd3 Qc5+ 52. Ka2 Qf2+ 53. Qd2 Qb6 54. h4
Qg1 55. Rxd6 Qxg4 56. Rd8+ Kh7 57. Qe3 Qg2+ 58. Rd2 Qh1 59. c5 Qc1 60. h5 Rd7
61. hxg6+ Kg7 62. Re2 Qd1 63. gxf7 Rd3 64. f8=Q+ Kxf8 65. Qf2+ Kg8 66. Rb2 Rd4
67. Qc2 Qg1 68. c6 Rd1 69. Rb1 Rxb1 70. Qxb1 Qc5 71. Qd3 Kg7 72. Qc4 Qf2+ 73.
Kb1 Qe1+ 74. Kb2 1-0

[Event "GCT Rapid YourNextMove"]
[Site "Leuven BEL"]
[Date "2017.06.29"]
[Round "6.4"]
[White "Carlsen, Magnus"]
[Black "Jobava, Baadur"]
[Result "1-0"]
[WhiteTitle "GM"]
[BlackTitle "GM"]
[WhiteElo "2832"]
[BlackElo "2707"]
[WhiteFideId "1503014"]
[BlackFideId "13601520"]
[EventDate "2017.06.28"]

1. d4 Nf6 2. c4 g6 3. g3 Bg7 4. Bg2 d6 5. Nf3 Nbd7 6. O-O e5 7. Nc3 O-O 8. Qc2
c6 9. Rd1 Qc7 10. e4 a5 11. h3 Re8 12. Be3 exd4 13. Bxd4 Nc5 14. e5 Bf5 15. Qc1
Nfe4 16. exd6 Qb6 17. d7 Red8 18. Nxe4 Bxd4 19. Rxd4 Nxe4 20. g4 c5 21. Rd1 Bxd7
22. Qf4 f5 23. Ne5 Ba4 24. b3 Bc6 25. Nxc6 bxc6 26. gxf5 Rxd1+ 27. Rxd1 Nc3 28.
Re1 Qd8 29. fxg6 hxg6 30. Re6 Qd3 31. Qg5 Ra7 32. Rxg6+ Kh8 33. Qh6+ 1-0